Estructura económica colombiana / (Registro nro. 8546)

Detalles MARC
000 -LEADER
fixed length control field 01757nam a2200253Ia 4500
003 - CONTROL NUMBER IDENTIFIER
control field OSt
005 - DATE AND TIME OF LATEST TRANSACTION
control field 20210909125630.0
008 - FIXED-LENGTH DATA ELEMENTS--GENERAL INFORMATION
fixed length control field 210310s1993 ck ad fr 000 0 spa d
020 ## - INTERNATIONAL STANDARD BOOK NUMBER
International Standard Book Number 9580400458
040 ## - CATALOGING SOURCE
Original cataloging agency CO-JMCR
Transcribing agency CO-JMCR
041 0# - LANGUAGE CODE
Language code of text/sound track or separate title spa
082 04 - DEWEY DECIMAL CLASSIFICATION NUMBER
Classification number 330.9861 /
Item number A662e3
Edition number 23
100 1# - MAIN ENTRY--PERSONAL NAME
Personal name Arango Londoño, Gilberto,
9 (RLIN) 17587
Relator term autor
245 10 - TITLE STATEMENT
Title Estructura económica colombiana /
Statement of responsibility, etc. Gilberto Arango Londoño
250 ## - EDITION STATEMENT
Edition statement Séptima edición renovada y actualizada
260 ## - PUBLICATION, DISTRIBUTION, ETC.
Place of publication, distribution, etc. Bogotá :
Name of publisher, distributor, etc. Universidad Javeriana,
Date of publication, distribution, etc. 1993
300 ## - PHYSICAL DESCRIPTION
Extent 498 páginas :
Other physical details ilustraciones y gráficas a blanco y negro ;
Dimensions 23 cm.
490 0# - SERIES STATEMENT
Series statement Colección profesores ;
Volume/sequential designation 12
500 ## - GENERAL NOTE
General note Incluye notas a pie de página y fotografía del autor.
505 0# - FORMATTED CONTENTS NOTE
Formatted contents note Conceptos básicos -- Aspectos de la situación demográfica colombiana -- La estructura agraria -- La producción agropecuaria -- El café -- Recursos naturales: sector energético -- Recursos naturales: sector minero -- El sector manufacturero -- Sector de servicios: comercio, transportes y comunicaciones -- El comercio exterior y el control de cambios en Colombia -- Modernización de la economía. El arancel aduanero-sistema cambiario -- Deuda externa. Entidades financieras de crédito -- Las inversiones extranjeras en Colombia -- La integración económica Latinoamericana y el Grupo Andino -- El ahorro Nacional -- El sector financiero -- El Banco de la República -- El presupuesto nacional -- Inflación, salarios y control de precios -- Economía informal y subterránea -- El problema de vivienda -- El problema educacional -- La salud -- La planeación económica
651 #2 - SUBJECT ADDED ENTRY--GEOGRAPHIC NAME
Geographic name Colombia
General subdivision Condiciones económicas
9 (RLIN) 7526
651 #2 - SUBJECT ADDED ENTRY--GEOGRAPHIC NAME
Geographic name Colombia
General subdivision Política económica
9 (RLIN) 6872
942 ## - ADDED ENTRY ELEMENTS (KOHA)
Source of classification or shelving scheme Dewey Decimal Classification
Koha item type Books
Existencias
Withdrawn status Lost status Source of classification or shelving scheme Damaged status Not for loan Collection code Home library Current library Date acquired Source of acquisition Total Checkouts Full call number Barcode Date last seen Date last checked out Copy number Koha item type
    Dewey Decimal Classification     Non-fiction Biblioteca Pública José María del Castillo y Rada Biblioteca Pública José María del Castillo y Rada 04/15/2018 Donación 1 330.9861 / A662e3 430006203 06/12/2025 06/11/2025 Ej.1 Books